| 000 | 00479 a2200169 4500 | ||
|---|---|---|---|
| 003 | OSt | ||
| 005 | 20240205122554.0 | ||
| 008 | 240205b |||||||| |||| 00| 0 eng d | ||
| 040 | _coclc | ||
| 082 |
_a582.16 _bMEL/M |
||
| 100 |
_aMelattur, Gifu _910380 |
||
| 245 |
_aMarangal kandalkkadukal / _cGifu Melattur |
||
| 250 | _a1st ed. | ||
| 260 |
_aKOZHIKODE: _bOLIVE PUBLICATION, _c2017. |
||
| 300 | _a66P. | ||
| 942 |
_2ddc _cBK _h582.16 _iMEL/K _k582.16 _mMEL/K |
||
| 999 |
_c44283 _d44283 |
||